000 00742nam a22001577a 4500
003 NUST
005 20221117102117.0
020 _a978-0-2412-2679-7
082 _a770, ANG
100 _aAng, Tom
_9102768
245 _aDigital Photography Step by Step
_bBuild your skills from beginner to confidence photographer
_cTom Ang
260 _aUnited Kingdom
_b DK
_c2016
300 _a360: pages
505 _aIntroduction (Page-7), Quick Start in Photography (Page-13), Commanding Photo- Techniques (Page-29), Mastering Photo- Subjects (Page-115), Optimizing workflow (Page-169), Enhancing Image (Page-191), Manipulating Image (Page-235), Sharing Image (Page-281), Making Movies (Page-297), Equipment and Resources (Page-321).
942 _2ddc
_cBK
999 _c592335
_d592335